00849nam a22002057a 4500003000500000005001700005008004100022010001800063082001500081100004700096245007800143260003700221300001900258563001400277942001200291999001900303952010600322952010700428952010800535NUST20260512154443.0260512b ||||| |||| 00| 0 eng d a969-8961-01-1 a338.5bMUH aU.G.A. Isani, Muhammad Latif Virk.9134424 aManual of University Laws in PakistancU.G.A. Isani, Muhammad Latif Virk. aPakistanbIqra University,c2006 a733 p ;c36.00 aHardcover 2ddccBK c617420d617420 00102ddc4070aIGISbIGISd2026-05-12hVolume 1l0o338.5 MUHpIGIS-697r2026-05-12w2026-05-12yBK 00102ddc4070aIGISbIGISd2026-05-12hVolume IIl0o338.5 MUHpIGIS-699r2026-05-12w2026-05-12yBK 00102ddc4070aIGISbIGISd2026-05-12hVolume IIIl0o338.5 MUHpIGIS-708r2026-05-12w2026-05-12yBK